Niezapomniane Jedenastki #31: Liverpool 2013/2014 - Statystyki

Ogólne statystyki
  • Ten quiz został rozwiązany 93 razy
  • Średni wynik to 7 z 11
Statystyki odpowiedzi
Pozycja Kraj Zawodnik % Poprawnych
N Urugwaj Luis Suarez
100%
BR Belgia Simon Mignolet
81%
ŚO Słowacja Martin Skrtel
79%
LS Anglia Raheem Sterling
79%
ŚP Anglia Steven Gerrard
79%
ŚP Brazylia Philippe Coutinho
71%
ŚPD Anglia Jordan Henderson
64%
ŚO Francja Mamadou Sakho
64%
PS Anglia Daniel Sturridge
52%
PO Anglia Glen Johnson
40%
LO Anglia Jon Flanagan
14%
Nie znaleziono quizów pasujących do podanych kryteriów
Rozkład punktacji
Procent ludzi z każdym wynikiem
Percentyl według liczby udzielonych odpowiedzi
Twoja historia wyników
Nie rozwiązałeś tego quizu